Devinez le pays avec des groupes de métal - Statistiques

Statistiques générales
  • Ce quiz a été pris 44 fois
  • Le résultat moyen est 14 sur 29
Statistiques - réponses
Groupes Réponse % Correct
Slipknot/ Megadeath/ Metallica USA
94%
Gojira/ Trust/ Ultra Vomit France
85%
Sodom/ Kreator/ Rammstein Allemagne
82%
Iron Maiden/ Black Sabbath/ Napalm Death Royaume uni
82%
Sepultura/ Cavaleira Conspiracy/ Nervosa Brésil
79%
Armoured Angel/ ACDC/ Airbourne Australie
76%
System of a Down/ Ildaruni/ Ayas Arménie
73%
Hanabie/ Baby Metal/ Dir En Grey Japon
73%
Mayhem/ Darkthrone/ Dimmu Borgir Norvège
64%
Children of Bodom/ Korpiklanni/ Nightwish Finlande
55%
At the Gates/ Amon Amarth/ Sabaton Suède
52%
Sólstafir/ Skálmöld/ Misþyrming Islande
48%
Arkona/ Slaughter to Prevail/ Aria Russie
48%
Wind Rose/ Rhapsody of Fire/ Elvenking Italie
45%
Celtic Frost/ Heluveitie/ Coroner Suisse
45%
Brujeria/ The Warning/ Cemican Mexique
42%
Behemoth/ Decapitated/ Mgła Pologne
42%
Epica/ Severe Torture/ Van Halen Pays-bas
39%
1914/ Jinjer/ Nokturnal Mortum Ukraine
36%
Bloodywood/ Demonic Ressurrection/ Kryptos Inde
33%
Nine Treasures/ Zuriaake/ Tang Dinasty Chine
30%
Rotting Christ/ Septicflesh/ Varathron Grèce
30%
Abigor/ Dornenreich/ Belphegor Autriche
27%
Annihilator/ Voivod/ Beneath the Massacre Canada
27%
Mägo de Oz/ WarCry/ Avalanch Espagne
27%
King Diamond/ Panzerchrist/ Artillery Danemark
24%
Rata Blanca/ 1917/ Hermética Argentine
21%
Amenra/ Channel Zero/ Enthroned Belgique
21%
Metsatöll/ Intrepid/ No-Big-Silence Estonie
9%
Aucun quiz correspondant
Distribution des résultats
% des personnes avec chaque résultat
Percentile par nombre de réponses
Votre historique - résultats
Vous n’avez pas pris ce quiz